| Поле | Инд. | ПП | Название | Значение |
|---|---|---|---|---|
| Тип записи | a | |||
| Библиографический уровень | m | |||
| 001 | Контрольный номер | 34552a34-9875-42ca-938a-9c19dc41647c | ||
| 005 | Дата корректировки | 20140226200834.6 | ||
| 008 | Кодируемые данные | 990126 d | ||
| 020 | a | ISBN | 5-7995-0024-5 | |
| c | Цена, тираж | 26.00 | ||
| 040 | a | Служба первич. каталог. | НБ ТвГУ | |
| 041 | a | Код языка текста | rus | |
| 080 | a | Индекс УДК | 519.8 | |
| 084 | a | Индекс другой классификации/Индекс ББК | В183 | |
| a | Индекс другой классификации/Индекс ББК | В183.4 | ||
| 090 | a | Полочн. индекс | В183 | |
| x | Авторский знак | С40 | ||
| c | Каталожный индекс | В183 + В183.4 | ||
| 245 | 0_ | a | Заглавие | Системный анализ и исследование операций |
| c | Ответственность | [под ред. Е.А. Берзина] ; Твер. гос. техн. ун-т | ||
| c | Ответственность | Твер. гос. техн. ун-т | ||
| n | Номер части/ раздела | Кн. 2 | ||
| p | Название части/ раздела | Оптимизационные модели и методы | ||
| 260 | 1_ | a | Место издания | Тверь |
| b | Издательство | [б. и.] | ||
| c | Дата издания | 1998 | ||
| 300 | a | Объем | 184 с. | |
| b | Иллюстрации/ тип воспроизводства | ил. | ||
| 504 | a | Библиография | Библиогр.: с. 178-179 | |
| 504 | a | Библиография | Указ.: с. 180-181 | |
| 583 | a | Действие | Получение впервые 573 24.11.98 | |
| k | Исполнитель действия | ТГТУ | ||
| 583 | a | Действие | Приписка 585 02.12.98 | |
| k | Исполнитель действия | Обмен | ||
| 650 | a | Основная рубрика | Системный анализ | |
| 650 | a | Основная рубрика | Операций исследование | |
| 650 | a | Основная рубрика | Программирование математическое | |
| 653 | a | Ключевые слова | Исследование операций | |
| a | Ключевые слова | Математическое программирование | ||
| a | Ключевые слова | Оптимизационные методы | ||
| a | Ключевые слова | Оптимизационные модели | ||
| a | Ключевые слова | Системный анализ | ||
| 700 | 1_ | a | Другие авторы | Берзин Евгений Александрович |
| q | Полное имя | Берзин, Е. А. | ||
| 700 | 1_ | a | Другие авторы | Палюх Борис Васильевич |
| q | Полное имя | Палюх, Б. В. | ||
| 700 | 1_ | a | Другие авторы | Чохонелидзе Александр Николаевич |
| q | Полное имя | Чохонелидзе, А. Н. | ||
| 700 | 1_ | a | Другие авторы | Демидов Николай Евгеньевич |
| q | Полное имя | Демидов, Н. Е. | ||
| 700 | 1_ | a | Другие авторы | Чернышев Олег Леонидович |
| q | Полное имя | Чернышев, О. Л. | ||
| 700 | 1_ | a | Другие авторы | Манеркин Виктор Павлович |
| q | Полное имя | Манеркин, В. П. | ||
| 700 | 1_ | a | Другие авторы | Клюшин Александр Юрьевич |
| q | Полное имя | Клюшин, А. Ю. | ||
| 700 | 1_ | a | Другие авторы | Попов Иван Владимирович |
| q | Полное имя | Попов, И. В. | ||
| 700 | 1_ | a | Другие авторы | Лебедев Алексей Николаевич |
| q | Полное имя | Лебедев, А. Н. | ||
| 700 | 1_ | a | Другие авторы | Алексеев Владимир Владимирович |
| q | Полное имя | Алексеев, В. В. | ||
| 700 | 1_ | a | Другие авторы | Смирнов Дмитрий Владимирович |
| q | Полное имя | Смирнов, Д. В. | ||
| 888 | a | За наличные | ||
| a | Бесплатные | |||
| 901 | t | Тип документа | m | |
| 952 | p | 573.98 26.00 1 702699 | ||
| p | 573.98 26.00 1 702700 | |||
| p | 585.98 26.00 1 702848 | |||
| p | 585.98 26.00 1 702849 | |||
| p | 585.98 26.00 1 702850 | |||
| c | Вид литературы | К рн | ||
| 954 | a | Дата поступления на обработку | 19981127 |